000 01188cam a2200301Mi 4500
005 20140924153817.0
008 140923s2011 enka fr 001 0 eng d
020 _a9780199559947
020 _a0199559945
040 _aCO-BoUCM
_bspa
_cJose A. Gerena
_dJose A. Gerena
041 0 _aeng
245 0 4 _aThe Oxford handbook of the American Congress
_ceditado por Eric Schickler, Frances E. Lee
246 3 0 _aAmerican Congress
260 _aOxford (Oxfordshire, Inglaterra)
_bOxford University press
_c2011
300 _axi, 929 páginas
_bilustraciones
490 1 _aThe Oxford Handbooks of American Politics
504 _aIncluye referencias bibliográficas e índices
650 7 _912325
_aCuerpos legislativos
_zEstados Unidos
650 7 _913957
_aElecciones
_zEstados Unidos
650 7 _98470
_aActos legislativos
_zEstados Unidos
650 7 _98433
_aActividad política
_zEstados Unidos
651 4 _aEstados Unidos
_xPolítica y gobierno
_930623
690 _942754
_aCiencia política
700 1 _aSchickler, Eric
_eeditor
_964734
700 1 _aLee, Frances E.
_eeditor
_964735
942 _2DEWEY
_a6
_cLIBRO
_e1
_h328.72
_mC749
999 _c296773
_d296773